00590nam a22001457a 4500003000400000005001700004008004100021040001400062100003500076245013700111260001000248300002700258500012700285504003200412OSt20171010095448.0120621t xxu||||| |||| 00| 0 eng d aMMSUcULS aGudoy, Leigh Harris F. et al.  aResponse of piling-liitan (Canarium luzonicum blume) to pre-sowing treatments and germination media cLeigh Harris F. Gudoy, et al.  c2007  ax, 57 leaves c28 cm.  aThesis (BS Forestry) Mariano Marcos State University-College of Agriculture, Food and Sustainable Development, Batac City  aBibliography: leaves 42-44